000 00824nam a2200217Ii 4500
003 JO-AjNU
008 230605s9999||||xx |||||||||||||| ||und||
020 _a9948-04-855-5
040 _aJO-AjNU
_bara
_erda
_cJO-AjNU
041 _aara
050 1 4 _aPJ7542.A223 2012
100 3 _aالعبداللات، فاطمة مفلح,
_eauthor
_950185
245 0 0 _aآخر دموع غرناطة: شعر الرثاء في عصر بني الأحمر
250 _aط1
264 3 1 _aالشارقة: دائرة الثقافة والاعلام، 2012
300 _a263ص
336 _atext
_btxt
_2rdacontent
337 _aunmediated
_bn
_2rdamedia
338 _avolume
_bnc
_2rdacarrier
650 4 _a شعر الرثاء - تاريخ ونقد - الشعر العربي - - تاريخ ونقد - العصر الاندلسي
_950186
999 _aA22091
_c25659
_d25659